| 000 | 00000nam##2200000za#4500 |
| 001 | 9.693506 |
| 003 | CaOODSP |
| 005 | 20210624233709 |
| 007 | cr ||||||||||| |
| 008 | 150407|1997||||xxc|||||o f|0| 0 eng|d |
| 040 | |aCaOODSP|beng |
| 043 | |an-cn--- |
| 086 | 1 |aA22-166/1-1997E-PDF |
| 110 | 1 |aCanada. |bAgriculture and Agri-Food Canada. |
| 245 | 10|aAgriculture in harmony with nature : |h[electronic resource]|bstrategy for environmentally sustainable agriculture and agri-food development in Canada |
| 260 | |aOttawa - Ontario : |bAgriculture and Agri-Food Canada |c1997. |
| 300 | |a80p.|bcoloured map, graph, photographs |
| 500 | |a"This strategy is intended to provide decision makers in the sector and the department with useful tools and information to help make the Canadian agriculture and agri-food sector's environmental performance a factor that enhances its growth prospects rather than limits them."--Executive summary. |
| 500 | |aThe catalogue number (A22-166/1-1997E) and ISBN (0-662-25439-2) copied in this electronic publication are incorrect. |
| 520 | 3 |aThis strategy is intended to provide decision makers in the sector and the department with useful tools and information to help make the Canadian agriculture and agri-food sector's environmental performance a factor that enhances its growth prospects rather than limits them.--Executive summary |
| 590 | |a10-05-Supp|b2010-07-20 |
| 690 | 07|aAgri-food industry|2gcpds |
| 775 | 08|tAgriculture en harmonie avec la nature : |w(CaOODSP)9.637684 |
| 776 | 0#|tAgriculture in harmony with nature: strategy for environmentally sustainable agriculture and agri-food development in Canada |w(CaOODSP)9.646478 |
| 856 | 40|ahttp://publications.gc.ca|qPDF|s3192 KB|uhttps://publications.gc.ca/collections/Collection/A22-166-1-1997E.pdf |